| 000 | 00450nam a2200169Ia 4500 | ||
|---|---|---|---|
| 003 | LK-CoDNM | ||
| 008 | 010623t1988 xxu||||| |||| 00| 1 sin d | ||
| 040 |
_aLK-CoDNM _dLK-CoDNM _eLK-CoDNM |
||
| 041 | _asin | ||
| 080 | _a(x)7 LAK | ||
| 245 | _aලක්දිව කලා විකාශනය | ||
| 246 | _aLakdiva kala vikashanaya | ||
| 260 |
_bChithra kala guru haula _aMathara _c1988 |
||
| 300 | _b79, 22 cm | ||
| 650 | _aArts | ||
| 942 | _cBK | ||
| 999 |
_c114123 _d114123 |
||